Counseling and psychotheraphy : (Record no. 655)

000 -LEADER
fixed length control field nam a22 a 4500
005 - DATE AND TIME OF LATEST TRANSACTION
control field 20170504144050.0
008 - FIXED-LENGTH DATA ELEMENTS--GENERAL INFORMATION
fixed length control field 170504b1993 -us||||| |||| 00| 0 eng d
020 ## - INTERNATIONAL STANDARD BOOK NUMBER
International Standard Book Number 0205147984 (International student ed)
040 ## - CATALOGING SOURCE
Original cataloging agency AKMAL
082 ## - DEWEY DECIMAL CLASSIFICATION NUMBER
Classification number 158.3 IVE
090 ## - LOCALLY ASSIGNED LC-TYPE CALL NUMBER (OCLC); LOCAL CALL NUMBER (RLIN)
Classification number (OCLC) (R) ; Classification number, CALL (RLIN) (NR) 158.3
Local cutter number (OCLC) ; Book number/undivided call number, CALL (RLIN) IVE
100 #1 - MAIN ENTRY--PERSONAL NAME
Personal name Ivey, Allen E.
Dates associated with a name 1933-
9 (RLIN) 1407
245 10 - TITLE STATEMENT
Title Counseling and psychotheraphy :
Remainder of title a multicultural perspective /
Statement of responsibility, etc. Allen E. Ivey, Mary Bradford Ivey, Lynn Simek-Morgan ; with contributions from Harold E. Cheatham and Sandra Rigazio-DeGilio
250 ## - EDITION STATEMENT
Edition statement 3rd ed.
260 ## - PUBLICATION, DISTRIBUTION, ETC.
Place of publication, distribution, etc. Boston ;
-- London :
Name of publisher, distributor, etc. Allyn and Bacon,
Date of publication, distribution, etc. c1993
300 ## - PHYSICAL DESCRIPTION
Extent xii, 388 p. ;
Dimensions 24cm
504 ## - BIBLIOGRAPHY, ETC. NOTE
Bibliography, etc. note Includes bibliographical references
650 #0 - SUBJECT ADDED ENTRY--TOPICAL TERM
Topical term or geographic name entry element Cross-cultural counseling
9 (RLIN) 1408
650 #0 - SUBJECT ADDED ENTRY--TOPICAL TERM
Topical term or geographic name entry element Psychotheraphy
General subdivision Cross-cultural studies
9 (RLIN) 1409
700 #1 - ADDED ENTRY--PERSONAL NAME
Personal name Ivey, Mary Bradford
9 (RLIN) 1410
700 #1 - ADDED ENTRY--PERSONAL NAME
Personal name Simek-Morgan, Lynn
9 (RLIN) 1411
942 ## - ADDED ENTRY ELEMENTS (KOHA)
Source of classification or shelving scheme
Koha item type Book
Holdings
Withdrawn status Lost status Source of classification or shelving scheme Damaged status Not for loan Collection code Home library Current library Shelving location Date acquired Inventory number Total Checkouts Full call number Barcode Date last seen Price effective from Koha item type
          NON-FICTION AKMAL Melaka AKMAL Melaka PINJAMAN 04.05.2017 100228   158.3 IVE 201701593 04.05.2017 04.05.2017 Book
Pusat Sumber Maklumat Dato' Haji Sarmin Md Hussin, Akademi Kastam Diraja Malaysia, Melaka
Tel: 06-2331106 | Faks: 06-2313787